000 00475nam a2200193Ia 4500
008 151119s9999||||xx |||||||||||||| ||und||
082 _a891.463
082 _bGKKV9442
100 _aबांदोडकर व पु
245 _aभूल
260 _a--
260 _b--
260 _c1994
600 _aबांदोडकर व पु
630 _aभूल
700 _aबांदोडकर व पु
730 _aभूल
942 _cBOOK
999 _c1063746
_d1063743